| 000 | 00396 a2200169 4500 | ||
|---|---|---|---|
| 001 | 183389 | ||
| 020 | _a85-322-0134-2 | ||
| 040 | _cMagnum | ||
| 100 | _aBandeira, Pedro | ||
| 240 | 1 | 0 |
_aA menor fazedora de mágicas do mundo _lpor |
| 245 | 1 | 0 | _aA menor fazedora de mágicas do mundo |
| 300 | _a44 | ||
| 362 | 0 | _a1998 | |
| 440 | 1 | _aFTD | |
| 697 | _aLITERATURA INFANTO-JUVENIL | ||
| 942 | _cBK | ||
| 999 |
_c183389 _d183389 |
||